Speed Typing: Alphabet Backwards - Statistics

General Stats
  • This quiz has been taken 1,345 times
  • The average score is 13 of 26
Answer Stats
Answer % Correct
Z
99%
Y
94%
X
92%
W
86%
V
78%
U
75%
T
71%
S
67%
R
63%
Q
57%
P
54%
O
49%
N
45%
M
44%
L
41%
K
38%
J
34%
I
31%
H
29%
G
27%
F
24%
A
23%
D
23%
E
23%
B
22%
C
21%
No matching quizzes found
Score Distribution
Percent of People with Each Score
Percentile by Number Answered
Your Score History
You have not taken this quiz